Kronika Horolezeckého oddielu Slávia Nitra 1962-2003

Bibliographic Details
Other Authors: Bečica, Róbert, 1948- (Compiler), Doležal, Milan, 1931-1997 (Illustrator, Photographer)
Format: Book
Language:Slovak
PhysicalDescription:1 zväzok (nestránkované) ilistrácie 29 cm
Published: Nitra Garmond 2021
ISBN:9788089703920
Edition:Vydanie prvé
Subjects:

MARC

LEADER 00000cam a2200000 4500
001 vtls012076774
003 SK-MaSNL
005 20260301104341.0
008 211109s2020 xo a gr 000 0 slo
015 |a SNBA2021/11 
020 |a 9788089703920  |q (brožované) 
040 |a SNK  |b slo  |c SNK  |e rda 
041 0 |a slo 
043 |a e-xo--- 
044 |a xo  |c SK 
072 7 |a 796  |x Šport. Hry. Telesné cvičenia  |2 konspekt 
080 |a 796.52  |2 2011 
080 |a (093.3)  |2 2011 
245 0 0 |a Kronika Horolezeckého oddielu Slávia Nitra 1962-2003  |c zostavovateľ: Róbert Bečica 
250 |a Vydanie prvé 
264 1 |a Nitra  |b Garmond  |c 2021 
300 |a 1 zväzok (nestránkované)  |b ilistrácie  |c 29 cm 
336 |a text  |b txt  |2 rdacontent 
336 |a statický obraz  |b sti  |2 rdacontent 
337 |a bez média  |b n  |2 rdamedia 
338 |a zväzok  |b nc  |2 rdacarrier 
500 |a Ilustrácie a fotografie: archív kroník Milana Doležala ; použité dokumenty: archív Roba Bečicu a Laca Hodála 
610 2 7 |a Horolezecký oddiel Slávia (Nitra, Slovensko)  |2 SNKKA  |9 442949 
648 7 |a 1962-2003  |2 SNKPH  |9 442950 
650 0 7 |a horolezectvo  |2 SNKPH  |9 1050 
650 0 7 |a Mountaineering  |2 SNKPHeng  |9 267361 
655 7 |a kroniky  |2 SNKPH  |9 70488 
655 7 |a Chronicles  |2 SNKPHeng  |9 324710 
700 1 |a Bečica, Róbert,  |d 1948-  |4 com  |9 214984 
700 1 |a Doležal, Milan,  |d 1931-1997  |4 ill  |4 pht  |9 54179 
919 |a 978-80-89703-92-0 
999 |c 697902  |d 699832 
952 |a SNK  |b SNK  |y PREZ  |7 0  |p 17A1468597  |o snkSB 97380  |i snk2021/17717  |8 0  |0 0  |1 0  |4 0  |d 2021-11-09  |f 1  |l 0  |r 2025-05-16 00:00:00  |w 2026-02-23 
952 |a SNK  |b SNK  |y VYP  |7 0  |p 17A1468598  |o snkSB 97380 D1  |i snk2021/17718  |8 0  |0 0  |1 0  |4 0  |d 2021-11-09  |l 1  |r 2026-03-02 16:52:23  |s 2026-02-28  |w 2026-02-23